<?xml version="1.0" encoding="UTF-8"?>
<record
    xmlns:xsi="http://www.w3.org/2001/XMLSchema-instance"
    xsi:schemaLocation="http://www.loc.gov/MARC21/slim http://www.loc.gov/standards/marcxml/schema/MARC21slim.xsd"
    xmlns="http://www.loc.gov/MARC21/slim">

  <leader>00711cam a2200265   4500</leader>
  <controlfield tag="001">2507287</controlfield>
  <controlfield tag="003">YEEZEN</controlfield>
  <controlfield tag="005">20250711132818.0</controlfield>
  <controlfield tag="008">240821s2024    ch ac  e      000 0 chi d</controlfield>
  <datafield tag="020" ind1=" " ind2=" ">
    <subfield code="a">9786263643307</subfield>
    <subfield code="q">(&#x5E73;&#x88DD;) :</subfield>
    <subfield code="c">&#x65B0;&#x81FA;&#x5E63;450&#x5143;</subfield>
  </datafield>
  <datafield tag="040" ind1=" " ind2=" ">
    <subfield code="a">SAN</subfield>
    <subfield code="b">chi</subfield>
    <subfield code="c">&#x6843;&#x5E02;&#x5716;</subfield>
    <subfield code="e">CCR</subfield>
  </datafield>
  <datafield tag="041" ind1="0" ind2=" ">
    <subfield code="a">chi</subfield>
  </datafield>
  <datafield tag="042" ind1=" " ind2=" ">
    <subfield code="a">nbic</subfield>
  </datafield>
  <datafield tag="084" ind1=" " ind2=" ">
    <subfield code="a">483.8</subfield>
    <subfield code="2">ncsclt</subfield>
  </datafield>
  <datafield tag="090" ind1=" " ind2=" ">
    <subfield code="a">483.8</subfield>
  </datafield>
  <datafield tag="100" ind1="1" ind2=" ">
    <subfield code="a">&#x7AE5;&#x69AE;&#x5730;</subfield>
    <subfield code="e">&#x8457;</subfield>
  </datafield>
  <datafield tag="245" ind1="1" ind2="0">
    <subfield code="a">&#x5C0F;&#x8CC7;&#x7537;&#x7684;&#x5FC5;&#x6BD4;&#x767B;&#x4E4B;&#x65C5; /</subfield>
    <subfield code="c">&#x7AE5;&#x69AE;&#x5730;&#x8457;</subfield>
  </datafield>
  <datafield tag="250" ind1=" " ind2=" ">
    <subfield code="a">&#x521D;&#x7248;</subfield>
  </datafield>
  <datafield tag="260" ind1=" " ind2=" ">
    <subfield code="a">&#x81FA;&#x4E2D;&#x5E02; :</subfield>
    <subfield code="b">&#x767D;&#x8C61;&#x6587;&#x5316;,</subfield>
    <subfield code="c">2024.06</subfield>
  </datafield>
  <datafield tag="300" ind1=" " ind2=" ">
    <subfield code="a">123&#x9762; :</subfield>
    <subfield code="b">&#x5F69;&#x5716;, &#x5F69;&#x50CF; ;</subfield>
    <subfield code="c">21&#x516C;&#x5206;</subfield>
  </datafield>
  <datafield tag="650" ind1=" " ind2="7">
    <subfield code="a">&#x9910;&#x98F2;&#x696D;</subfield>
    <subfield code="2">lcstt.</subfield>
  </datafield>
  <datafield tag="650" ind1=" " ind2="7">
    <subfield code="a">&#x9910;&#x5EF3;</subfield>
    <subfield code="2">lcstt.</subfield>
  </datafield>
  <datafield tag="651" ind1=" " ind2="7">
    <subfield code="a">&#x81FA;&#x5317;&#x5E02;</subfield>
    <subfield code="2">lcstt.</subfield>
  </datafield>
  <datafield tag="942" ind1=" " ind2=" ">
    <subfield code="2">ccl</subfield>
    <subfield code="c">BOOK</subfield>
  </datafield>
  <datafield tag="999" ind1=" " ind2=" ">
    <subfield code="c">7654</subfield>
    <subfield code="d">7654</subfield>
  </datafield>
  <datafield tag="952" ind1=" " ind2=" ">
    <subfield code="0">0</subfield>
    <subfield code="1">0</subfield>
    <subfield code="2">ccl</subfield>
    <subfield code="4">0</subfield>
    <subfield code="7">0</subfield>
    <subfield code="a">yeezen</subfield>
    <subfield code="b">yeezen</subfield>
    <subfield code="c">YEEZEN</subfield>
    <subfield code="d">2025-07-11</subfield>
    <subfield code="l">2</subfield>
    <subfield code="m">1</subfield>
    <subfield code="o">483.8</subfield>
    <subfield code="p">C03243</subfield>
    <subfield code="r">2025-09-05 00:00:00</subfield>
    <subfield code="s">2025-08-18</subfield>
    <subfield code="w">2025-07-11</subfield>
    <subfield code="y">BOOK</subfield>
    <subfield code="z">&#x770B;&#x5230;&#x5FC5;&#x6BD4;&#x767B;&#x63A8;&#x4ECB;&#x7684;&#x6A19;&#x8A8C;&#xFF0C;&#x5C31;&#x53EF;&#x4EE5;&#x5B89;&#x5FC3;&#x6D88;&#x8CBB;&#xFF0C; &#x4E0D;&#x6703;&#x50CF;&#x661F;&#x7D1A;&#x9910;&#x5EF3;&#x4E00;&#x6A23;&#xFF0C;&#x4E00;&#x9813;&#x9910;&#x8CBB;&#x5C31;&#x8B93;&#x4EBA;&#x75DB;&#x5FB9;&#x5FC3;&#x6249;&#xFF0C; &#x5728;&#x7D55;&#x5927;&#x591A;&#x6578;&#x7684;&#x60C5;&#x6CC1;&#x4E0B;&#xFF0C;&#x4E00;&#x5F35;&#x5C0F;&#x670B;&#x53CB;&#x5C31;&#x80FD;&#x89E3;&#x6C7A;&#x3002;  &#x53F0;&#x7063;&#x6709;&#x6578;&#x5341;&#x842C;&#x9910;&#x98F2;&#x76F8;&#x95DC;&#x5E97;&#x5BB6;&#xFF0C;&#x80FD;&#x5920;&#x767B;&#x4E0A;&#x7C73;&#x5176;&#x6797;&#x6307;&#x5357;&#x7684;&#x4E0D;&#x904E;&#x6578;&#x767E;&#x5BB6;&#xFF0C; &#x8AAA;&#x662F;&#x5343;&#x4E2D;&#x9078;&#x4E00;&#x751A;&#x81F3;&#x842C;&#x4E2D;&#x9078;&#x4E00;&#x90FD;&#x4E0D;&#x70BA;&#x904E;&#x3002; &#x7C73;&#x5176;&#x6797;&#x6307;&#x5357;&#x4E0A;&#x7684;&#x5E97;&#x5BB6;&#xFF0C;&#x5E7E;&#x4E4E;&#x591A;&#x662F;&#x63DA;&#x540D;&#x6578;&#x5341;&#x5E74;&#x7684;&#x5728;&#x5730;&#x8001;&#x5E97;&#xFF0C; &#x53E3;&#x5473;&#x65E9;&#x5DF2;&#x7D93;&#x904E;&#x591A;&#x65B9;&#x8A8D;&#x8B49;&#xFF0C;&#x7C73;&#x5176;&#x6797;&#x6307;&#x5357;&#x53EA;&#x4E0D;&#x904E;&#x662F;&#x9326;&#x4E0A;&#x6DFB;&#x82B1;&#xFF0C; &#x8B93;&#x5176;&#x540D;&#x8072;&#x767B;&#x4E0A;&#x570B;&#x969B;&#x821E;&#x53F0;&#x800C;&#x5DF2;&#x3002; &#x76DB;&#x540D;&#x4E4B;&#x4E0B;&#x7121;&#x865B;&#x58EB;&#xFF0C;&#x7F8E;&#x98DF;&#x611B;&#x597D;&#x8005;&#x6216;&#x662F;&#x7CBE;&#x6253;&#x7D30;&#x7B97;&#x7684;&#x5403;&#x8CA8;&#xFF0C; &#x7D55;&#x5C0D;&#x4E0D;&#x80FD;&#x932F;&#x904E;&#x9019;&#x4E9B;&#x9910;&#x5EF3;&#x3002;</subfield>
  </datafield>
</record>
